01007nam a2200217 a 450000100100000000500170001000800410002702000150006804000250008308200150010810000430012324501490016626001340031530000280044949000350047750000740051250400310058683000420061795201130065999900170077200004149420201002034935.0131008s2003 sp a 000 0 spa d a8400081900 aDO-SdBNPbspacBNPHU axxxbS211i1 aSánchez Gómez, Luis Ángel96819413aUn imperio en la vitrina :bel colonialismo español en el Pacífico y la exposición de Filipinas de 1887 /cLuis Ángel Sánchez Gómez. aMadrid :bConsejo Superior de Investigaciones Científicas, Instituto de Historia, Departamento de Historia de América,c2003. a396 p. :bil. ;c24 cm.1 aTierra nueva e cielo nuevov48 aIncluye referencias bibliográficas y notas al pie de las páginas. aBibliografía: p. 375-396 0aTierra nueva e cielo nuevon48968195 001050718MOaGRbGRcCTd2013-10-08iLF1l0oxxx S211ip41494-10r2020-06-25w2020-06-25y1ZNo se presta c40984d40984